LEADER 00847nam a2200229 i 4500 001 000000165004 003 CaOOAMICUS 005 20071005000000.0 008 071005s1967 it u000 u ita u 013 $a142372 040 $aSeMil$bita 100 1 $aOrtese, Anna Maria,$d<1914-1998>.$0(OLS)http://semarc/name/42319 245 10$aPoveri e semplici /$cAnna Maria Ortese. 260 $aFirenze :$bVallecchi,$ccopyr. 1967. 300 $a163 p. ;$c22 cm. 490 0 $aNarratori Vallecchi ;$v32 830 0$aNarratori Vallecchi ;$v32.$0(OLS)http://semarc/title/24378 850 $aSeMil 852 $aSeMil$W1$xVenegono$y1$m1B II 379$j240234$B116203$CSeMilBibl$Z2$F127112 $81 961 $aRecupero: Altro 996 $6245$aPoveri e semplici$9(OLS)http://semarc/title/218315 996 $6260$aFirenze :$bVallecchi$9(OLS)http://semarc/publisher/29768 LEADER 01061nas a2200241 i 4500 001 000000216935 003 CaOOAMICUS 005 20121217000000.0 008 121113b2012 it uu u0 0mul r 013 $a195831 040 $aSeMil$bita 245 10$aEcclesiam Morimundensem supra Ticinum positam :$bl'Impero e Morimondo. 260 $a[Morimondo (MI)] :$bMuseo,$c[2012] 260 $a[Milano] :$bRegione Lombardia,$c[2012] 300 $a142 p. :$bill. ;$c21 cm. 773 0 $tQuaderni dell'Abbazia.$d[Milano] : Regione Lombardia, [2007?]$w()19551 774 0 $t[vedi periodico].$w()278144 850 $aSeMil 852 $aSeMil$W1$xVenegono$y1$m217 5 137$j167351$B167351$CSeMilBibl$Z2$F178942 $85 961 $aAbbonamento: Fondazione "Abbatia Sancte Marie de Morimundo" 996 $6245$aEcclesiam Morimundensem supra Ticinum positam :$bl'Impero e Morimondo$9(OLS)http://semarc/title/311820 996 $6260$a[Milano] :$bRegione Lombardia$9(OLS)http://semarc/publisher/33135 996 $6260$a[Morimondo (MI)] :$bMuseo$9(OLS)http://semarc/publisher/35146